000 00645nam a2200253Ia 4500
005 20260121154809.0
008 008 260114s9999 xx 000 0 eng d
020 _a9780429269189
037 _aEBOOK
040 _aCRL
040 _beng
040 _cCRL
041 _2eng
041 _aeng
084 _qCRL
100 _a Bram Ieven; Marijke de Valck; Eliza Steinbock
_91011619
245 0 _aArt and Activism in the Age of Systemic Crisis
260 _bTaylor and Francis
260 _c2021
856 _uhttp://www.taylorfrancis.com/books/9780429269189
942 _cEBOOK
999 _c1578440
_d1578440